ARRUPE JESUIT UNIVERSITY

CORONAVIRUS -STOP THE SPREAD - CLEAN,DISINFECT,COVER

The printing press as an agent of change : (Record no. 129635)

MARC details
000 -LEADER
fixed length control field 01434cam a2200385 i 4500
001 - CONTROL NUMBER
control field 4141426
003 - CONTROL NUMBER IDENTIFIER
control field ARRUPE
005 - DATE AND TIME OF LATEST TRANSACTION
control field 20190522104701.0
008 - FIXED-LENGTH DATA ELEMENTS--GENERAL INFORMATION
fixed length control field 780104m19799999enk bi 001 0 eng
010 ## - LIBRARY OF CONGRESS CONTROL NUMBER
LC control number 77091083
020 ## - INTERNATIONAL STANDARD BOOK NUMBER
International Standard Book Number 0521220440
040 ## - CATALOGING SOURCE
Original cataloging agency DLC
Language of cataloging eng
Transcribing agency DLC
Modifying agency DLC
043 ## - GEOGRAPHIC AREA CODE
Geographic area code e------
050 00 - LIBRARY OF CONGRESS CALL NUMBER
Classification number Z124
Item number .E37
051 ## - LIBRARY OF CONGRESS COPY, ISSUE, OFFPRINT STATEMENT
Classification number Z124
Item number .E37 copy 3 Rosenwald Ref Coll
Copy information Copy 3.
082 00 - DEWEY DECIMAL CLASSIFICATION NUMBER
Classification number 686.2
300 ## - PHYSICAL DESCRIPTION
Dimensions 24 cm.
100 1# - MAIN ENTRY--PERSONAL NAME
Personal name Eisenstein, Elizabeth L.
9 (RLIN) 46443
245 14 - TITLE STATEMENT
Title The printing press as an agent of change :
Remainder of title communications and cultural transformations in early modern Europe /
Statement of responsibility, etc Elizabeth L. Eisenstein.
260 ## - PUBLICATION, DISTRIBUTION, ETC. (IMPRINT)
Place of publication, distribution, etc Cambridge [Eng.] ;
-- New York :
Name of publisher, distributor, etc Cambridge University Press,
Date of publication, distribution, etc 1980.
300 ## - PHYSICAL DESCRIPTION
Extent 2 v. (xxi, 794 p.) ;
500 ## - GENERAL NOTE
General note Includes index.
504 ## - BIBLIOGRAPHY, ETC. NOTE
Bibliography, etc Bibliography: p. 709-767.
650 #0 - SUBJECT ADDED ENTRY--TOPICAL TERM
Topical term or geographic name as entry element Printing
General subdivision Influence.
9 (RLIN) 46492
650 #0 - SUBJECT ADDED ENTRY--TOPICAL TERM
Topical term or geographic name as entry element Reformation.
9 (RLIN) 46493
650 #0 - SUBJECT ADDED ENTRY--TOPICAL TERM
Topical term or geographic name as entry element Renaissance.
9 (RLIN) 2590
650 #0 - SUBJECT ADDED ENTRY--TOPICAL TERM
Topical term or geographic name as entry element Technology and civilization.
9 (RLIN) 46494
710 2# - ADDED ENTRY--CORPORATE NAME
Corporate name or jurisdiction name as entry element Lessing J. Rosenwald Reference Collection (Library of Congress)
Institution to which field applies DLC
9 (RLIN) 46495
906 ## - LOCAL DATA ELEMENT F, LDF (RLIN)
a 7
b cbc
c orignew
d 1
e opcn
f 19
g y-gencatlg
942 ## - ADDED ENTRY ELEMENTS (KOHA)
Source of classification or shelving scheme Library of Congress Classification
Koha item type Monograph ( Printed materials)
987 ## - LOCAL ROMANIZATION/CONVERSION HISTORY (OCLC)
Agency that converted, created or reviewed RBSCDRECON
Date of conversion or review 20190429
Status code r
Note AUTHORITY WORK NEEDED; BIB FILE MAINT.
Holdings
Withdrawn status Lost status Source of classification or shelving scheme Damaged status Not for loan Collection code Home library Current library Shelving location Date acquired Total Checkouts Full call number Barcode Date last seen Price effective from Koha item type
    Library of Congress Classification     Main Collection ARRUPE LIBRARY ARRUPE LIBRARY Main Collection 22/05/2019   Z124 .E37 46600004795 22/05/2019 22/05/2019 Monograph ( Printed materials)

 

Arrupe Library. PO Box MP320 Mt Pleasant, Harare, Zimbabwe
263 242 745411|librarian@aju.ac.zw